000 00843nam0a22002651 4500
001 rc\2328194
005 20110829145045.7
035 _a(NLR Aleph) 006581662
090 _a7052138
_c7052138
100 _a20110829d1977 |||y0rusy50 ca
101 0 _arus
102 _aRU
105 _ay z |||||
200 1 _aК вопросу о решеточной теплопроводности
210 _aМосква
_cБ. и.
_d1977
215 _a20 с.
_cграф.
_d30
225 1 _aАН СССР. Ин-т косм. исследований. [Препринт]
_vПр-317
320 _aБиблиогр.: с. 20
700 1 _aОхотин
_bА. С.
_gАлександр Сергеевич
801 0 _aRU
_bNLR
_gpsbo
801 1 _aRU
_bELAR
_2rusmarc
852 _aNLR
_j77-8/1337
899 _aRuMoRGB
_jБр 180/317
942 _cBOOK
980 _aNB